Statistics for 8 Countries that Produce the Most Grain

Click here to take the quiz!

General Stats

  • This quiz has been taken 62 times
  • The average score is 7 of 8

Answer Stats

metric tonnes top grain country % Correct
516,351,276maizeUnited States
100%
289,698,000riceIndia
98%
557,677,392riceChina
97%
81,685,645wheatRussia
95%
179,849,353soybeans, maizeBrazil
93%
67,319,400wheatCanada
90%
81,685,645riceIndonesia
79%
89,791,565soybeans, maizeArgentina
74%

Score Distribution

Percentile by Number Answered

Percent of People with Each Score

Your Score History

You have not taken this quiz